| 000 | 00664cam a2200205 a 4500 | ||
|---|---|---|---|
| 020 | _a0673187772 (pbk.) : | ||
| 082 | 0 | 0 |
_a005.7565 _bKNE _cMCEL02,P-154 |
| 100 | 1 |
_aKnecht, Ken, _936878 |
|
| 245 | 1 | 0 |
_aAdvanced dBase III plus / _cKen Knecht. |
| 260 |
_aGlenview, Ill. : _bScott, Foresman, _cc1990. |
||
| 300 |
_av, 440 p. ; _c24 cm. |
||
| 500 | _a"Scott, Foresman and Company computer books"--Cover. | ||
| 500 | _aIncludes index. | ||
| 526 |
_a0 _b0 _c0 _d005_756500000000000_KNE |
||
| 526 |
_a0 _b0 _c0 _d005_756500000000000_KNE |
||
| 526 |
_a0 _b0 _c0 _d005_756500000000000_KNE |
||
| 650 | 0 |
_aDatabase management. _918068 |
|
| 650 | 0 |
_aMCE _9379 |
|
| 942 |
_2ddc _cBK |
||
| 999 |
_c541826 _d541826 |
||